00888nam a2200217Ia 450000100060000000800410000602000180004708200110006510000370007624500740011325000120018726000490019930000230024850000670027165300120033865301360035065300140048694200120050095201410051299900170065337503190408s ii g b000 u 465 u a9788120800182 a954.08 aTripathi, Rama Shankar,eAuthor. 0aHistory of ancient Indiacby Rama Shankar TripathihTextual Documents a1st ed. aDelhibMotilal Banarsidass Publishersc1942. axxix, 605p:c23cm. aThe book has been replaced with the book The Nababs of P Spear aHistory aThe colas, Daksinapath dynasty, Hindu dynasty,Harsavardhana of thaneswar, The kushans, Asoka, Chandra gupta Mayur, Pre-historic age aG-History 2ddccBK 001040708General aSKBLbSKBLcG-Historyd2012-02-01f00000g395.00l0o954.08 Sp 31 Np52049r2024-01-14 00:00:00t1w2012-02-01yBK c37482d37482